000 00680nam a2200241Ia 4500
003 OSt
005 20220924121843.0
006 a|||||r|||| 00| 0
007 ta
008 220923b |||||||| |||| 00| 0 mal d
024 _a259499
037 _cTextual
040 _aARTS
_cARTS
_bmal
041 _2mal
_amal
082 _aO32,1M68x, 15L2
100 _aPisharoty K. P. Narayana
_9187508
245 0 _aKesaveeya mahakavya
260 _aKeral
_bMinistry of Education India
_c1972
300 _a192p.
_ccm.
650 _aMALAYALAM LITERATURE
_938866
942 _hO32,1M68x, 15L2
_cTEXL
_2CC
999 _c409309
_d409309